| 000 | 00847nam a22002297a 4500 | ||
|---|---|---|---|
| 005 | 2010080400540.0 | ||
| 010 | _aENG-98188 | ||
| 020 |
_a9788190445450 _c265.00 |
||
| 035 | _aEN-81721 | ||
| 037 | _bDBAD/PUB | ||
| 082 | _a954.09 | ||
| 100 |
_aMarwah, Reena _96032 |
||
| 245 |
_aContemporary India : _beconomy, society and polity / _cby Reena Marwah, Ameeta Motwani [and] Tanuja Sachdev |
||
| 260 |
_aNew Delhi _bPinnacle _c2009 |
||
| 270 |
_a24, D. D. A Shopping Complex Ber Sarai _bNew Delhi _e110016 |
||
| 300 |
_a489p. _c22cm (pbk) |
||
| 650 |
_aContemporary India _96033 |
||
| 700 |
_aMotvani, Ameeta _96034 |
||
| 700 |
_aSachdev, Tanuja _96035 |
||
| 942 |
_2ddc _cEN _h954.09 _mMAR |
||
| 999 |
_c39230 _d39230 |
||